000 00347nam a2200133Ia 4500
008 220217s9999||||xx |||||||||||||| ||und||
020 _a81-265-0228-2
082 _a005.43 RAT
100 _aRathbone, Andy
_92018
245 0 _aWindows XP for dummies
260 _aIDG books
_bNew Delhi
_c2001
300 _b199
650 _aOperating systems
999 _c167933
_d167933